000 00690 a2200229 4500
001 29453
005 20260407155604.0
008 260407a1997 arg spa d
003 AR-UNSa-BCEJYS
040 _aAR-UNSa-BCEJYS
_bspa
_cAR-UNSa-BCEJYS
080 _a336.225
_xMétodo de tributación y administración de impuestos
245 1 0 _aEsquemas de procedimiento tributario
020 _a978-950-811-011-4
250 _a4a. ed.
264 1 _aBuenos Aires :
_bEdiciones Nueva Técnica
_c1997
300 _a80 p.
_c28 cm.
041 _aspa
942 _cBK
590 _aniveau_biblio:m niveau_hierar:0
100 1 _aCeldeiro, Ernesto Carlos
700 1 _aGadea, María de los Angeles
999 _c1878
_d1878